La educación : (Registro nro. 63230)

Detalles MARC
000 -LEADER
campo de control de longitud fija 02373cam a2200361 i 4500
003 - IDENTIFICADOR DE NÚMERO DE CONTROL
campo de control PE-LiUPU
005 - FECHA Y HORA DE LA ÚLTIMA TRANSACCIÓN
campo de control 20260202163344.0
008 - DATOS DE LONGITUD FIJA--INFORMACIÓN GENERAL
campo de control de longitud fija 0911 s2009 ar a rb 000 0 spa d
020 ## - NÚMERO INTERNACIONAL ESTÁNDAR DEL LIBRO
Número Internacional Estándar del Libro 9789870578406
035 ## - NÚMERO DE CONTROL DEL SISTEMA
Número de control de sistema PE-LiUPU00067
040 ## - FUENTE DE CATALOGACIÓN
Centro catalogador/agencia de origen PE-LiUPU
Lengua de catalogación spa
Centro/agencia transcriptor PE-LiUPU
Normas de descripción rda
082 04 - NÚMERO DE LA CLASIFICACIÓN DECIMAL DEWEY
Número de clasificación 370.19
Número de edición 23
Cutter P958e
090 ## - LOCALMENTE ASIGNADO TIPO-LC NÚMERO DE CLASIFICACIÓN (OCLC); NÚMERO DE CLASIFICACIÓN LOCAL (RLIN)
Número de clasificación (OCLC) (R) ; Numero de clasificación, CALL (RLIN) (NR) 370
Número cutter local (OCLC) ; Número de libro/Signatura topográfica íntegra, CALL (RLIN) P75
100 1# - ENTRADA PRINCIPAL--NOMBRE DE PERSONA
Nombre de persona Priora, Juan Carlos,
Término indicativo de función/relación autor.
9 (RLIN) 7886
245 13 - MENCIÓN DEL TÍTULO
Título La educación :
Resto del título una responsabilidad de todos /
Mención de responsabilidad, etc. Juan Carlos Priora.
250 ## - MENCION DE EDICION
Mención de edición Primera edición.
264 #1 - PRODUCCIÓN, PUBLICACIÓN, DISTRIBUCIÓN, FABRICACIÓN Y COPYRIGHT
Producción, publicación, distribución, fabricación y copyright Santa Fe :
Nombre del de productor, editor, distribuidor, fabricante el autor,
Fecha de producción, publicación, distribución, fabricación o copyright 2009.
264 #3 - PRODUCCIÓN, PUBLICACIÓN, DISTRIBUCIÓN, FABRICACIÓN Y COPYRIGHT
Producción, publicación, distribución, fabricación y copyright Impreso en Argentina.
300 ## - DESCRIPCIÓN FÍSICA
Extensión 235 páginas ;
Dimensiones 22 x 16 cm
336 ## - TIPO DE CONTENIDO
Término de tipo de contenido text
Fuente rdacontent
337 ## - TIPO DE MEDIO
Nombre/término del tipo de medio unmediated
Fuente rdamedia
338 ## - TIPO DE SOPORTE
Nombre/término del tipo de soporte volume
Fuente rdacarrier
500 ## - NOTA GENERAL
Nota general Obra publicada en adhesión al Bicentenario 1810-2010.
500 ## - NOTA GENERAL
Nota general Incluye referencias bibliográficas.
505 ## - NOTA DE CONTENIDO CON FORMATO
Nota de contenido con formato La educación, una responsabilidad de todos -- La familia, transmisora de valores -- Familia-Escuela, una relación imprescindible -- Los abuelos como educadores -- La escuela -- El director -- Los maestros -- El Maestro por excelencia -- La sociedad, la iglesia y el Estado -- Pasado y presente de la educación argentina -- La educación argentina que fue -- La universidad -- La educación argentina hoy -- ¿Por qué estamos cómo estamos? -- ¿Qué aprendimos de República de Cromañón? -- La televisión, los video-juegos, la computadora e Internet ¿Aliados o enemigos? -- El futuro -- Cómo recuperar el liderazgo después de la tragedia -- Conducción, disciplina y valores -- La filosofía de la educación cristiana adventista -- Epilogo ¿Cómo comenzó todo?
520 ## - RESUMEN, ETC.
Sumario, etc. Ensayo sobre la educación concebida como una responsabilidad compartida entre la familia, la escuela, el Estado, la iglesia y la sociedad en su conjunto. El autor analiza el estado de la educación mundial y argentina, su evolución histórica, sus problemáticas actuales y propone lineamientos para recuperar el liderazgo educativo, la disciplina, los valores y la excelencia académica.
650 14 - PUNTO DE ACCESO ADICIONAL DE MATERIA--TÉRMINO DE MATERIA
Término de materia o nombre geográfico como elemento de entrada Educación
9 (RLIN) 1231
Subdivisión general Aspectos sociales
650 10 - PUNTO DE ACCESO ADICIONAL DE MATERIA--TÉRMINO DE MATERIA
Término de materia o nombre geográfico como elemento de entrada Educación
9 (RLIN) 1231
Subdivisión general Aspectos religiosos
650 24 - PUNTO DE ACCESO ADICIONAL DE MATERIA--TÉRMINO DE MATERIA
Término de materia o nombre geográfico como elemento de entrada Filosofía de la educación
9 (RLIN) 5207
650 20 - PUNTO DE ACCESO ADICIONAL DE MATERIA--TÉRMINO DE MATERIA
Término de materia o nombre geográfico como elemento de entrada Familia y educación
9 (RLIN) 7979
942 ## - ELEMENTOS DE ENTRADA SECUNDARIOS (KOHA)
Fuente del sistema de clasificación o colocación Clasificación Decimal Dewey
Tipo de ítem Koha Libros físicos
980 ## - EQUIVALENCIA O REFERENCIA-CRUZADA-MENCIÓN DE SERIE--NOMBRE DE PERSONA/TÍTULO [LOCAL, CANADÁ]
ID del usuario creador del registro 18228
Nombre del creador del registro Rebeca Esther Huerta Leyton
ID del último usuario que modificó el registro 18226
Nombre del último usuario que modificó el registro Jaime Vilcazán Jefe de Análisis Documental
Existencias
Visto por última vez Total de préstamos Signatura topográfica completa Código de barras Copia número Coste, precio de reemplazo Fecha de reemplazo Facultad Tipo de ítem Koha Estado de pérdida Fuente del sistema de clasificación o colocación Restricciones de uso No para préstamo Colección Programa académico Biblioteca de origen Biblioteca actual Ubicación en estantería Fecha de adquisición Fuente de adquisición
2026-03-15   370.19 P958e 83005 e1 25.00 2025-12-30 FACIHED Libros físicos No Perdido Clasificación Decimal Dewey No restringido Disponible para préstamos Colección General Educación primaria Biblioteca CRAI UPeU Lima Biblioteca CRAI UPeU Lima Sala principal 2025-12-10 Donación, David Echevarría